Japan's search for oil : A case study on economic nationalism and international security
Saved in:
| Main Author: | |
|---|---|
| Format: | Book |
| Language: | Undetermined |
| Published: |
California
Hoover Institution Press
1977
|
| Subjects: | |
| Tags: |
Add Tag
No Tags, Be the first to tag this record!
|
| Institutions: | Trung tâm Học liệu Trường Đại học Cần Thơ |
|---|
| LEADER | 00623nam a2200217Ia 4500 | ||
|---|---|---|---|
| 001 | CTU_99392 | ||
| 008 | 210402s9999 xx 000 0 und d | ||
| 082 | |a 338.272 | ||
| 082 | |b W959 | ||
| 100 | |a Wu, Yuan-li | ||
| 245 | 0 | |a Japan's search for oil : | |
| 245 | 2 | |b A case study on economic nationalism and international security | |
| 245 | 0 | |c Yuan-li Wu | |
| 260 | |a California | ||
| 260 | |b Hoover Institution Press | ||
| 260 | |c 1977 | ||
| 650 | |a Petroleum industry and trade | ||
| 650 | |z Japan | ||
| 904 | |i Truc | ||
| 910 | |a Thay Cutter thành W959 | ||
| 980 | |a Trung tâm Học liệu Trường Đại học Cần Thơ | ||